Statistics for Miami Heat NBA Finals Starters

Click here to take the quiz!

General Stats

  • This quiz has been taken 27 times
  • The average score is 9 of 13

Answer Stats

Finals Players % Correct
2006, 2011, 2012, 2013, 2014Dwyane Wade
100%
2011, 2012, 2013, 2014LeBron James
100%
2006Shaquille O'Neal
96%
2011, 2012, 2013, 2014Chris Bosh
91%
2011, 2012, 2013, 2014Mario Chalmers
83%
2006Udonis Haslem
78%
2012Shane Battier
74%
2006Jason Williams
65%
2013Mike Miller
57%
2006Antoine Walker
35%
2011Joel Anthony
35%
2011Mike Bibby
26%
2014Rashard Lewis
22%

Score Distribution

Percentile by Number Answered

Percent of People with Each Score

Your Score History

You have not taken this quiz